| 000 | 00366nam a22001217a 4500 | ||
|---|---|---|---|
| 082 | _a355.0218 PAG'C | ||
| 100 |
_aPAGET, JULIAN _949116 |
||
| 245 | _aCOUNTER INSURGENCY OPERATIONS TECHNIQUES OF GUERRILLA WARFARE | ||
| 260 |
_aNEWYORK _bWALKER _c1967 |
||
| 300 | _a189P | ||
| 650 |
_aTECHNIQUES OF GUERRILLA WARFARE.COUNTER INSURGENCY OPERATIONS _979013 |
||
| 942 | _cBK | ||
| 999 |
_c584084 _d584084 |
||